|
|
|
|
| LEADER |
00922nam a22002297a 4500 |
| 001 |
29675 |
| 003 |
BD-DhAAL |
| 005 |
20150827111600.0 |
| 008 |
150827n bg ||||| |||| 00| 0 eng d |
| 040 |
|
|
|a BD-DhAAL
|c BD-DhAAL
|
| 082 |
|
|
|2 22
|a 613.071
|
| 245 |
|
|
|a স্বাস্হ্য শিক্ষা সহায়িকা
|
| 260 |
|
|
|a ঢাকা :
|b বাংলাদেশ রুরাল এ্যাডভান্সমেন্ট কমিটি
|
| 300 |
|
|
|a ৪৪ পৃ. ;
|c ৩৫ সে.মি.
|
| 541 |
|
|
|e 29675
|
| 610 |
|
|
|a BRAC (Bangladesh Rural Advancement Committee )
|9 14211
|
| 650 |
|
|
|a Health education
|9 14212
|
| 710 |
|
|
|a BRAC
|9 14213
|
| 852 |
|
|
|a Ayesha Abed Library
|c General Stacks
|
| 942 |
|
|
|2 ddc
|c BK
|
| 999 |
|
|
|c 35366
|d 35366
|
| 952 |
|
|
|0 0
|1 0
|2 ddc
|4 0
|6 613_071000000000000_SAS
|7 0
|9 55592
|a BRACUL
|b BRACUL
|c BRS
|d 2015-08-27
|l 1
|o 613.071 SAS
|p 3010029675
|r 2025-12-30
|s 2025-03-23
|t 1
|w 2015-08-27
|y BK
|